[Event "Women's Baku Chess Olympiad"]
[Site "chess24.com"]
[Date "2016.09.10"]
[Round "8"]
[White "Efroimski, Marsel"]
[Black "Ovezdurdiyeva, Jemal"]
[Result "1-0"]
[Board "2"]
[WhiteID "2810964"]
[WhiteElo "2322"]
[WhiteTitle "WIM"]
[WhiteCountry "ISR"]
[WhiteFideId "2810964"]
[WhiteEloChange "3"]
[BlackID "14001888"]
[BlackElo "2031"]
[BlackTitle "WFM"]
[BlackCountry "TKM"]
[BlackFideId "14001888"]
[BlackEloChange "-3"]

1. e4 {[%clk 1:30:58]} c5 {[%clk 1:30:54]} 2. Nf3 {[%clk 1:31:25]} d6 {[%clk
1:31:20]} 3. Nc3 {[%clk 1:31:50]} Nf6 {[%clk 1:31:37]} 4. e5 {[%clk 1:32:17]}
dxe5 {[%clk 1:32:02]} 5. Nxe5 {[%clk 1:32:44]} Qc7 {[%clk 1:32:09]} 6. d4 {[%clk
1:32:55]} e6 {[%clk 1:19:42]} 7. Bf4 {[%clk 1:15:05]} Qd8 {[%clk 0:54:18]} 8.
Bb5+ {[%clk 0:41:12]} Nbd7 {[%clk 0:49:07]} 9. d5 {[%clk 0:32:46]} Be7 {[%clk
0:32:16]} 10. O-O {[%clk 0:27:08]} a6 {[%clk 0:24:25]} 11. dxe6 {[%clk 0:26:47]}
fxe6 {[%clk 0:24:32]} 12. Bxd7+ {[%clk 0:24:39]} Bxd7 {[%clk 0:23:56]} 13. Qe2
{[%clk 0:24:33]} Bc8 {[%clk 0:22:14]} 14. Rad1 {[%clk 0:24:07]} Qb6 {[%clk
0:19:28]} 15. Nc4 {[%clk 0:20:04]} Qa7 {[%clk 0:19:50]} 16. Nd6+ {[%clk 0:17:55]}
Bxd6 {[%clk 0:20:14]} 17. Bxd6 {[%clk 0:18:19]} Bd7 {[%clk 0:18:50]} 18. Qe5
{[%clk 0:14:45]} b6 {[%clk 0:17:05]} 19. Rd3 {[%clk 0:04:48]} O-O-O {[%clk
0:14:20]} 20. Be7 {[%clk 0:04:50]} Rde8 {[%clk 0:12:56]} 21. Bxf6 {[%clk
0:05:15]} gxf6 {[%clk 0:13:23]} 22. Qxf6 {[%clk 0:05:37]} Rhf8 {[%clk 0:12:31]}
23. Qe5 {[%clk 0:05:03]} Qc7 {[%clk 0:11:17]} 24. Re1 {[%clk 0:02:32]} Rf5 {[%clk
0:10:04]} 25. Qxc7+ {[%clk 0:02:11]} Kxc7 {[%clk 0:10:33]} 26. Rh3 {[%clk
0:02:33]} Re7 {[%clk 0:08:30]} 27. Rh6 {[%clk 0:01:57]} Ref7 {[%clk 0:07:17]} 28.
f3 {[%clk 0:02:11]} Rg7 {[%clk 0:05:55]} 29. Kf2 {[%clk 0:01:12]} Rfg5 {[%clk
0:05:50]} 30. g4 {[%clk 0:01:03]} Rf7 {[%clk 0:05:50]} 31. Kg3 {[%clk 0:01:07]}
Rg6 {[%clk 0:03:32]} 32. Rxg6 {[%clk 0:01:25]} hxg6 {[%clk 0:04:01]} 33. Ne4
{[%clk 0:01:18]} e5 {[%clk 0:04:06]} 34. h4 {[%clk 0:00:59]} Be8 {[%clk 0:03:42]}
35. Rd1 {[%clk 0:00:52]} Bc6 {[%clk 0:00:59]} 36. Ng5 {[%clk 0:01:13]} Rf6 {[%clk
0:00:36]} 37. Re1 {[%clk 0:01:20]} Kd6 {[%clk 0:00:34]} 38. Ne4+ {[%clk 0:01:26]}
Bxe4 {[%clk 0:01:02]} 39. Rxe4 {[%clk 0:01:55]} Kd5 {[%clk 0:00:45]} 40. c4+
{[%clk 0:31:21]} Kd6 {[%clk 0:30:57]} 41. g5 {[%clk 0:30:57]} Rf8 {[%clk
0:28:57]} 42. f4 {[%clk 0:30:49]} exf4+ {[%clk 0:28:16]} 43. Rxf4 {[%clk
0:31:15]} Rg8 {[%clk 0:27:49]} 44. Rf6+ {[%clk 0:31:36]} Kc7 {[%clk 0:28:18]} 45.
Kg4 {[%clk 0:30:43]} b5 {[%clk 0:24:00]} 46. Rxa6 {[%clk 0:29:19]} bxc4 {[%clk
0:24:28]} 47. Ra4 {[%clk 0:28:59]} Rb8 {[%clk 0:24:45]} 48. Rxc4 {[%clk 0:29:08]}
Rxb2 {[%clk 0:24:48]} 49. Rxc5+ {[%clk 0:29:32]} Kd6 {[%clk 0:25:16]} 50. Ra5
{[%clk 0:29:25]} Rb4+ {[%clk 0:25:02]} 51. Kg3 {[%clk 0:29:34]} Ke6 {[%clk
0:24:18]} 52. Ra6+ {[%clk 0:29:43]} Kf7 {[%clk 0:24:46]} 53. Rf6+ {[%clk
0:27:39]} Kg7 {[%clk 0:24:39]} 54. Rf4 {[%clk 0:28:02]} Rb2 {[%clk 0:23:59]} 55.
a4 {[%clk 0:28:24]} Rb3+ {[%clk 0:24:25]} 56. Kf2 {[%clk 0:28:48]} 1-0

[Event "Women's Baku Chess Olympiad"]
[Site "chess24.com"]
[Date "2016.09.10"]
[Round "8"]
[White "Atabayeva, Gozel"]
[Black "Klinova, Masha"]
[Result "1/2-1/2"]
[Board "3"]
[WhiteID "14001896"]
[WhiteElo "2021"]
[WhiteTitle "WFM"]
[WhiteCountry "TKM"]
[WhiteFideId "14001896"]
[WhiteEloChange "6"]
[BlackID "2802015"]
[BlackElo "2290"]
[BlackTitle "IM"]
[BlackCountry "ISR"]
[BlackFideId "2802015"]
[BlackEloChange "-6"]

1. e4 {[%clk 1:30:56]} d6 {[%clk 1:30:54]} 2. d4 {[%clk 1:30:43]} Nf6 {[%clk
1:31:19]} 3. Nc3 {[%clk 1:31:05]} g6 {[%clk 1:31:45]} 4. Bg5 {[%clk 1:31:27]} Bg7
{[%clk 1:30:42]} 5. e5 {[%clk 1:31:39]} Nfd7 {[%clk 1:26:37]} 6. Nd5 {[%clk
1:19:15]} f6 {[%clk 1:02:36]} 7. exf6 {[%clk 1:17:34]} Nxf6 {[%clk 0:51:51]} 8.
Nxf6+ {[%clk 1:12:08]} exf6 {[%clk 0:51:30]} 9. Qe2+ {[%clk 1:12:05]} Kf7 {[%clk
0:39:01]} 10. Qf3 {[%clk 1:10:55]} d5 {[%clk 0:38:33]} 11. Ne2 {[%clk 1:04:33]}
Bf5 {[%clk 0:35:21]} 12. Bf4 {[%clk 0:58:49]} Re8 {[%clk 0:33:07]} 13. O-O-O
{[%clk 0:58:08]} Qd7 {[%clk 0:29:29]} 14. Qc3 {[%clk 0:56:22]} Nc6 {[%clk
0:25:23]} 15. Ng3 {[%clk 0:54:43]} Be6 {[%clk 0:24:57]} 16. h4 {[%clk 0:52:03]}
Kg8 {[%clk 0:22:53]} 17. Be3 {[%clk 0:44:29]} Qd6 {[%clk 0:18:26]} 18. Kb1 {[%clk
0:41:47]} Bg4 {[%clk 0:15:17]} 19. Be2 {[%clk 0:41:30]} Bxe2 {[%clk 0:14:03]} 20.
Nxe2 {[%clk 0:41:57]} Re4 {[%clk 0:11:26]} 21. h5 {[%clk 0:39:27]} Rae8 {[%clk
0:10:08]} 22. hxg6 {[%clk 0:37:46]} hxg6 {[%clk 0:10:34]} 23. Nc1 {[%clk
0:30:55]} Qb4 {[%clk 0:08:39]} 24. Qxb4 {[%clk 0:29:17]} Nxb4 {[%clk 0:09:05]}
25. c3 {[%clk 0:28:58]} Na6 {[%clk 0:06:56]} 26. Nd3 {[%clk 0:28:38]} g5 {[%clk
0:06:48]} 27. Rh2 {[%clk 0:25:25]} c6 {[%clk 0:06:26]} 28. Rdh1 {[%clk 0:23:39]}
Nb8 {[%clk 0:06:02]} 29. Bc1 {[%clk 0:21:27]} Nd7 {[%clk 0:05:31]} 30. f4 {[%clk
0:19:20]} gxf4 {[%clk 0:04:15]} 31. Bxf4 {[%clk 0:19:22]} Nf8 {[%clk 0:04:01]}
32. Rh3 {[%clk 0:14:08]} Kf7 {[%clk 0:03:14]} 33. Rf3 {[%clk 0:12:13]} Ng6 {[%clk
0:02:53]} 34. Bc1 {[%clk 0:09:48]} Rg4 {[%clk 0:02:29]} 35. g3 {[%clk 0:09:37]}
Rge4 {[%clk 0:02:05]} 36. Bg5 {[%clk 0:07:38]} b6 {[%clk 0:01:44]} 37. Rhf1
{[%clk 0:07:12]} R8e6 {[%clk 0:01:30]} 38. Bc1 {[%clk 0:05:06]} Ke7 {[%clk
0:01:08]} 39. Rh1 {[%clk 0:04:56]} Kf7 {[%clk 0:01:19]} 40. Rhf1 {[%clk 0:33:13]}
Kg8 {[%clk 0:31:03]} 41. Rh1 {[%clk 0:28:18]} a5 {[%clk 0:27:01]} 42. a4 {[%clk
0:28:16]} Re2 {[%clk 0:26:05]} 43. Rh3 {[%clk 0:23:13]} Rg2 {[%clk 0:25:29]} 44.
Be3 {[%clk 0:20:54]} Re2 {[%clk 0:22:04]} 45. Bc1 {[%clk 0:19:34]} Bf8 {[%clk
0:19:50]} 46. Rh5 {[%clk 0:18:35]} Bd6 {[%clk 0:18:40]} 47. g4 {[%clk 0:16:09]}
Rg2 {[%clk 0:15:48]} 48. g5 {[%clk 0:16:16]} fxg5 {[%clk 0:14:04]} 1/2-1/2

[Event "Women's Baku Chess Olympiad"]
[Site "chess24.com"]
[Date "2016.09.10"]
[Round "8"]
[White "Gutmakher, Olga"]
[Black "Hallaeva, Bahar"]
[Result "0-1"]
[Board "4"]
[WhiteID "2807602"]
[WhiteElo "2216"]
[WhiteTitle "WIM"]
[WhiteCountry "ISR"]
[WhiteFideId "2807602"]
[WhiteEloChange "-13"]
[BlackID "14000679"]
[BlackElo "2103"]
[BlackTitle "WFM"]
[BlackCountry "TKM"]
[BlackFideId "14000679"]
[BlackEloChange "13"]

1. e4 {[%clk 1:30:52]} e5 {[%clk 1:30:58]} 2. Nc3 {[%clk 1:31:13]} Nf6 {[%clk
1:31:23]} 3. g3 {[%clk 1:31:35]} Bc5 {[%clk 1:30:55]} 4. Bg2 {[%clk 1:31:52]} d6
{[%clk 1:30:51]} 5. h3 {[%clk 1:30:26]} Be6 {[%clk 1:29:24]} 6. Nge2 {[%clk
1:28:22]} Qd7 {[%clk 1:29:02]} 7. d4 {[%clk 1:20:45]} exd4 {[%clk 1:27:46]} 8.
Nxd4 {[%clk 1:21:05]} Bxd4 {[%clk 1:19:55]} 9. Qxd4 {[%clk 1:21:24]} Nc6 {[%clk
1:20:24]} 10. Qd3 {[%clk 1:14:29]} d5 {[%clk 0:55:51]} 11. Nxd5 {[%clk 1:02:41]}
Nxd5 {[%clk 0:53:35]} 12. exd5 {[%clk 1:02:40]} Nb4 {[%clk 0:54:03]} 13. Qc3
{[%clk 0:57:39]} Nxd5 {[%clk 0:50:17]} 14. Qxg7 {[%clk 0:51:35]} O-O-O {[%clk
0:50:41]} 15. O-O {[%clk 0:20:51]} Bxh3 {[%clk 0:48:30]} 16. c4 {[%clk 0:12:07]}
Bxg2 {[%clk 0:41:24]} 17. Kxg2 {[%clk 0:12:29]} Ne7 {[%clk 0:36:59]} 18. Bg5
{[%clk 0:09:23]} Rhg8 {[%clk 0:22:46]} 19. Qf6 {[%clk 0:07:54]} Nd5 {[%clk
0:15:03]} 20. Qe5 {[%clk 0:04:01]} Qc6 {[%clk 0:14:38]} 21. Qf5+ {[%clk 0:03:30]}
Kb8 {[%clk 0:14:32]} 22. cxd5 {[%clk 0:01:51]} Rxd5 {[%clk 0:14:57]} 23. Qf3
{[%clk 0:02:13]} Rgxg5 {[%clk 0:13:58]} 24. Rac1 {[%clk 0:02:09]} Qd7 {[%clk
0:10:29]} 25. Rfd1 {[%clk 0:02:05]} a6 {[%clk 0:08:20]} 26. b3 {[%clk 0:01:06]}
h5 {[%clk 0:06:11]} 27. Rxd5 {[%clk 0:00:58]} Rxd5 {[%clk 0:05:00]} 28. Rc4
{[%clk 0:01:06]} Rf5 {[%clk 0:04:32]} 29. Qe4 {[%clk 0:01:09]} Rd5 {[%clk
0:02:52]} 30. a4 {[%clk 0:01:01]} Rd3 {[%clk 0:01:43]} 31. Rb4 {[%clk 0:00:46]}
c6 {[%clk 0:00:58]} 32. Qf4+ {[%clk 0:00:40]} Ka7 {[%clk 0:00:41]} 33. Qe4 {[%clk
0:00:37]} Qd6 {[%clk 0:00:38]} 34. a5 {[%clk 0:00:41]} Qd7 {[%clk 0:00:34]} 35.
Qf4 {[%clk 0:00:38]} Qd5+ {[%clk 0:00:58]} 36. Kh2 {[%clk 0:00:36]} Rf3 {[%clk
0:01:05]} 37. Qd4+ {[%clk 0:00:31]} Qxd4 {[%clk 0:01:14]} 38. Rxd4 {[%clk
0:00:59]} Rxf2+ {[%clk 0:01:21]} 39. Kh3 {[%clk 0:01:27]} Rf5 {[%clk 0:01:27]}
40. b4 {[%clk 0:31:07]} c5 {[%clk 0:30:54]} 41. bxc5 {[%clk 0:30:46]} Rxc5 {[%clk
0:31:21]} 42. Ra4 {[%clk 0:31:04]} Rf5 {[%clk 0:31:04]} 43. Kh4 {[%clk 0:30:03]}
Kb8 {[%clk 0:30:42]} 44. Ra1 {[%clk 0:29:59]} Kc7 {[%clk 0:30:34]} 45. Rc1+
{[%clk 0:29:17]} Kd6 {[%clk 0:30:51]} 46. Ra1 {[%clk 0:28:16]} Kc6 {[%clk
0:28:13]} 47. Ra2 {[%clk 0:27:58]} Kb5 {[%clk 0:28:29]} 48. Rb2+ {[%clk 0:25:58]}
Kxa5 {[%clk 0:27:57]} 49. Rxb7 {[%clk 0:26:22]} Ka4 {[%clk 0:28:21]} 50. Rb6
{[%clk 0:25:15]} a5 {[%clk 0:28:19]} 51. Rb7 {[%clk 0:24:08]} Ka3 {[%clk
0:28:45]} 52. Rb1 {[%clk 0:21:12]} a4 {[%clk 0:28:53]} 53. Rb7 {[%clk 0:19:49]}
Ka2 {[%clk 0:29:17]} 54. Rb4 {[%clk 0:18:28]} a3 {[%clk 0:28:39]} 55. Rb6 {[%clk
0:17:34]} Ka1 {[%clk 0:22:34]} 56. Rb3 {[%clk 0:16:13]} a2 {[%clk 0:22:58]} 57.
Rb7 {[%clk 0:15:28]} Rf3 {[%clk 0:22:10]} 58. Rb5 {[%clk 0:14:56]} Rf1 {[%clk
0:22:04]} 59. Kxh5 {[%clk 0:10:10]} Rb1 {[%clk 0:22:17]} 60. Rf5 {[%clk 0:10:29]}
Rb7 {[%clk 0:22:21]} 61. Kg5 {[%clk 0:08:09]} Kb2 {[%clk 0:22:37]} 62. Rf2+
{[%clk 0:08:23]} Ka3 {[%clk 0:22:45]} 63. Rf1 {[%clk 0:08:23]} Ra7 {[%clk
0:19:54]} 64. g4 {[%clk 0:04:14]} Kb2 {[%clk 0:19:05]} 65. Rf2+ {[%clk 0:04:14]}
Kc3 {[%clk 0:19:31]} 0-1

[Event "Women's Baku Chess Olympiad"]
[Site "chess24.com"]
[Date "2016.09.10"]
[Round "8"]
[White "Peptan, Corina-Isabela"]
[Black "Pham, Le Thao Nguyen"]
[Result "1/2-1/2"]
[Board "1"]
[WhiteID "1201930"]
[WhiteElo "2394"]
[WhiteTitle "IM"]
[WhiteCountry "ROU"]
[WhiteFideId "1201930"]
[WhiteEloChange "-2"]
[BlackID "12401226"]
[BlackElo "2338"]
[BlackTitle "IM"]
[BlackCountry "VIE"]
[BlackFideId "12401226"]
[BlackEloChange "2"]

1. c4 {[%clk 1:30:56]} Nf6 {[%clk 1:30:32]} 2. Nc3 {[%clk 1:31:19]} e6 {[%clk
1:30:34]} 3. e4 {[%clk 1:31:29]} e5 {[%clk 1:24:51]} 4. d3 {[%clk 1:23:43]} Bc5
{[%clk 1:23:07]} 5. Bg5 {[%clk 1:21:25]} h6 {[%clk 1:20:49]} 6. Bh4 {[%clk
1:20:23]} d6 {[%clk 1:18:47]} 7. Nf3 {[%clk 1:19:51]} c6 {[%clk 1:13:30]} 8. a3
{[%clk 1:11:06]} Bg4 {[%clk 1:06:55]} 9. h3 {[%clk 1:10:03]} Bh5 {[%clk 1:05:34]}
10. g4 {[%clk 1:04:14]} Bg6 {[%clk 1:05:10]} 11. Bg2 {[%clk 1:00:01]} Nbd7 {[%clk
0:58:33]} 12. d4 {[%clk 0:51:51]} exd4 {[%clk 0:55:07]} 13. Nxd4 {[%clk 0:52:15]}
Ne5 {[%clk 0:54:47]} 14. b3 {[%clk 0:46:14]} Bh7 {[%clk 0:49:36]} 15. O-O {[%clk
0:45:11]} g5 {[%clk 0:38:09]} 16. Bg3 {[%clk 0:45:32]} h5 {[%clk 0:37:02]} 17. f3
{[%clk 0:38:54]} Bb6 {[%clk 0:26:49]} 18. Bf2 {[%clk 0:35:56]} Nfd7 {[%clk
0:22:40]} 19. Na4 {[%clk 0:34:50]} Bc7 {[%clk 0:21:51]} 20. Be3 {[%clk 0:33:58]}
Qe7 {[%clk 0:19:27]} 21. Qd2 {[%clk 0:34:03]} Rg8 {[%clk 0:18:54]} 22. Rad1
{[%clk 0:25:41]} Nc5 {[%clk 0:12:42]} 23. Nxc5 {[%clk 0:23:43]} dxc5 {[%clk
0:12:58]} 24. Nf5 {[%clk 0:23:33]} Bxf5 {[%clk 0:12:57]} 25. exf5 {[%clk
0:24:02]} Rd8 {[%clk 0:11:56]} 26. Qc3 {[%clk 0:22:54]} f6 {[%clk 0:08:11]} 27.
Rfe1 {[%clk 0:22:14]} Kf7 {[%clk 0:08:19]} 28. Kf2 {[%clk 0:13:45]} Rxd1 {[%clk
0:07:35]} 29. Rxd1 {[%clk 0:14:13]} Rd8 {[%clk 0:07:54]} 30. Rxd8 {[%clk
0:11:58]} Qxd8 {[%clk 0:08:01]} 31. Ke2 {[%clk 0:09:52]} Qe7 {[%clk 0:05:38]} 32.
Qd2 {[%clk 0:09:35]} h4 {[%clk 0:05:28]} 33. Kf1 {[%clk 0:07:03]} Nd7 {[%clk
0:04:49]} 34. f4 {[%clk 0:04:25]} Bxf4 {[%clk 0:04:27]} 35. Bxf4 {[%clk 0:04:53]}
gxf4 {[%clk 0:04:54]} 36. Qxf4 {[%clk 0:05:09]} Qe5 {[%clk 0:04:45]} 37. Qxe5
{[%clk 0:03:14]} Nxe5 {[%clk 0:04:51]} 38. Ke2 {[%clk 0:03:44]} a5 {[%clk
0:03:53]} 39. a4 {[%clk 0:00:55]} Kg7 {[%clk 0:03:12]} 40. Ke3 {[%clk 0:31:20]}
Kh6 {[%clk 0:33:25]} 41. Bf1 {[%clk 0:31:25]} Kg5 {[%clk 0:33:39]} 42. Be2 {[%clk
0:31:54]} Nf7 {[%clk 0:30:14]} 43. Bf3 {[%clk 0:30:54]} Kh6 {[%clk 0:29:35]} 44.
Kf4 {[%clk 0:31:02]} Ng5 {[%clk 0:29:29]} 45. Bg2 {[%clk 0:31:27]} Kg7 {[%clk
0:29:51]} 46. Ke3 {[%clk 0:30:04]} Kf7 {[%clk 0:30:12]} 47. Kf4 {[%clk 0:29:31]}
Ke7 {[%clk 0:30:26]} 48. Bf1 {[%clk 0:29:23]} Kd6 {[%clk 0:30:41]} 49. Bg2 {[%clk
0:29:51]} Kc7 {[%clk 0:24:09]} 50. Bf1 {[%clk 0:30:13]} Kb6 {[%clk 0:23:25]} 51.
Ke3 {[%clk 0:30:24]} Ka6 {[%clk 0:23:04]} 52. Kf4 {[%clk 0:30:15]} Ka7 {[%clk
0:21:39]} 53. Ke3 {[%clk 0:30:00]} Kb8 {[%clk 0:19:20]} 54. Bg2 {[%clk 0:30:15]}
Kc7 {[%clk 0:19:22]} 55. Bf1 {[%clk 0:30:14]} Kd6 {[%clk 0:19:33]} 56. Kf4 {[%clk
0:30:36]} Ke7 {[%clk 0:15:57]} 57. Ke3 {[%clk 0:30:50]} Kd6 {[%clk 0:11:59]} 58.
Kf4 {[%clk 0:31:02]} Ke7 {[%clk 0:10:35]} 59. Ke3 {[%clk 0:31:26]} 1/2-1/2

[Event "Women's Baku Chess Olympiad"]
[Site "chess24.com"]
[Date "2016.09.10"]
[Round "8"]
[White "Hoang, Thi Bao Tram"]
[Black "Foisor, Cristina-Adela"]
[Result "1-0"]
[Board "2"]
[WhiteID "12401102"]
[WhiteElo "2325"]
[WhiteTitle "WGM"]
[WhiteCountry "VIE"]
[WhiteFideId "12401102"]
[WhiteEloChange "11"]
[BlackID "1200496"]
[BlackElo "2353"]
[BlackTitle "IM"]
[BlackCountry "ROU"]
[BlackFideId "1200496"]
[BlackEloChange "-11"]

1. d4 {[%clk 1:30:51]} Nf6 {[%clk 1:30:54]} 2. c4 {[%clk 1:31:03]} d6 {[%clk
1:31:19]} 3. Nc3 {[%clk 1:30:14]} Nbd7 {[%clk 1:31:09]} 4. e4 {[%clk 1:25:23]} e5
{[%clk 1:31:33]} 5. d5 {[%clk 1:22:23]} Nc5 {[%clk 1:29:36]} 6. Qc2 {[%clk
1:20:58]} a5 {[%clk 1:29:55]} 7. h3 {[%clk 1:20:17]} g6 {[%clk 1:29:07]} 8. Be3
{[%clk 1:20:17]} Bg7 {[%clk 1:28:50]} 9. Nf3 {[%clk 1:20:32]} b6 {[%clk 1:27:37]}
10. Be2 {[%clk 1:20:32]} O-O {[%clk 1:27:36]} 11. g4 {[%clk 1:17:05]} Bd7 {[%clk
1:27:25]} 12. O-O-O {[%clk 1:09:14]} Qb8 {[%clk 1:27:37]} 13. Nd2 {[%clk
1:07:39]} c6 {[%clk 1:26:24]} 14. g5 {[%clk 1:01:27]} Ne8 {[%clk 1:20:45]} 15.
Bg4 {[%clk 0:58:16]} Qb7 {[%clk 1:13:47]} 16. Bxd7 {[%clk 0:57:39]} Qxd7 {[%clk
1:13:22]} 17. Ndb1 {[%clk 0:53:38]} f5 {[%clk 1:11:05]} 18. exf5 {[%clk 0:48:54]}
gxf5 {[%clk 1:07:58]} 19. dxc6 {[%clk 0:46:22]} Qxc6 {[%clk 1:07:30]} 20. Nd5
{[%clk 0:46:24]} Rf7 {[%clk 1:02:36]} 21. f3 {[%clk 0:28:39]} Rc8 {[%clk
0:56:04]} 22. Na3 {[%clk 0:27:10]} Ne6 {[%clk 0:40:21]} 23. Kb1 {[%clk 0:23:09]}
f4 {[%clk 0:38:00]} 24. g6 {[%clk 0:20:37]} hxg6 {[%clk 0:34:40]} 25. Bf2 {[%clk
0:19:28]} Nf8 {[%clk 0:31:19]} 26. Bh4 {[%clk 0:17:30]} Nf6 {[%clk 0:29:34]} 27.
Bxf6 {[%clk 0:15:26]} Bxf6 {[%clk 0:30:00]} 28. Rhg1 {[%clk 0:15:10]} Bg7 {[%clk
0:25:58]} 29. Qe4 {[%clk 0:13:49]} Qc5 {[%clk 0:21:03]} 30. Rg2 {[%clk 0:12:21]}
Re8 {[%clk 0:18:38]} 31. Nb5 {[%clk 0:10:33]} Rd8 {[%clk 0:16:23]} 32. h4 {[%clk
0:09:57]} Qc8 {[%clk 0:13:51]} 33. Nxb6 {[%clk 0:08:13]} Qf5 {[%clk 0:12:56]} 34.
Qxf5 {[%clk 0:07:30]} Rxf5 {[%clk 0:12:46]} 35. Rxd6 {[%clk 0:04:25]} Rxd6 {[%clk
0:12:01]} 36. Nxd6 {[%clk 0:04:48]} Rh5 {[%clk 0:12:28]} 37. c5 {[%clk 0:02:26]}
e4 {[%clk 0:09:06]} 38. Nxe4 {[%clk 0:02:37]} Rxh4 {[%clk 0:09:06]} 39. c6 {[%clk
0:01:48]} Rh1+ {[%clk 0:07:12]} 40. Kc2 {[%clk 0:31:59]} Ne6 {[%clk 0:36:13]} 41.
Kd3 {[%clk 0:29:39]} Rc1 {[%clk 0:30:12]} 42. Nc4 {[%clk 0:26:02]} Rd1+ {[%clk
0:27:35]} 43. Ned2 {[%clk 0:22:42]} Kf7 {[%clk 0:25:58]} 44. Re2 {[%clk 0:17:21]}
Nc7 {[%clk 0:22:51]} 45. Ke4 {[%clk 0:16:01]} a4 {[%clk 0:17:55]} 46. Kxf4 {[%clk
0:14:44]} a3 {[%clk 0:14:33]} 47. bxa3 {[%clk 0:14:46]} Bh6+ {[%clk 0:10:10]} 48.
Ke4 {[%clk 0:13:12]} Rc1 {[%clk 0:07:57]} 49. Ne5+ {[%clk 0:09:58]} Ke6 {[%clk
0:06:11]} 50. Nb3 {[%clk 0:09:47]} Rd1 {[%clk 0:03:56]} 51. Nd4+ {[%clk 0:08:17]}
Kf6 {[%clk 0:04:10]} 52. Ng4+ {[%clk 0:08:33]} Kg7 {[%clk 0:03:57]} 53. Nxh6
{[%clk 0:08:43]} Kxh6 {[%clk 0:04:24]} 54. Ke5 {[%clk 0:08:23]} Kh7 {[%clk
0:03:14]} 55. a4 {[%clk 0:07:07]} Kg8 {[%clk 0:02:50]} 56. Kd6 {[%clk 0:06:00]}
Na6 {[%clk 0:01:24]} 57. Re4 {[%clk 0:06:15]} g5 {[%clk 0:01:19]} 58. c7 {[%clk
0:06:31]} 1-0

[Event "Women's Baku Chess Olympiad"]
[Site "chess24.com"]
[Date "2016.09.10"]
[Round "8"]
[White "Cosma, Elena-Luminita"]
[Black "Nguyen, Thi Mai Hung"]
[Result "0-1"]
[Board "3"]
[WhiteID "1201590"]
[WhiteElo "2331"]
[WhiteTitle "WGM"]
[WhiteCountry "ROU"]
[WhiteFideId "1201590"]
[WhiteEloChange "-10"]
[BlackID "12401676"]
[BlackElo "2316"]
[BlackTitle "WGM"]
[BlackCountry "VIE"]
[BlackFideId "12401676"]
[BlackEloChange "10"]

1. d4 {[%clk 1:30:56]} d5 {[%clk 1:30:43]} 2. c4 {[%clk 1:31:14]} c6 {[%clk
1:31:04]} 3. Nf3 {[%clk 1:31:38]} Nf6 {[%clk 1:31:22]} 4. Nc3 {[%clk 1:31:59]} e6
{[%clk 1:31:41]} 5. Bg5 {[%clk 1:32:21]} Nbd7 {[%clk 1:31:41]} 6. cxd5 {[%clk
1:32:30]} exd5 {[%clk 1:32:04]} 7. e3 {[%clk 1:31:50]} Be7 {[%clk 1:32:11]} 8.
Bd3 {[%clk 1:31:45]} O-O {[%clk 1:29:47]} 9. Qc2 {[%clk 1:32:02]} h6 {[%clk
1:27:30]} 10. Bh4 {[%clk 1:30:13]} Re8 {[%clk 1:27:36]} 11. Bg3 {[%clk 1:23:40]}
Nh5 {[%clk 1:21:55]} 12. O-O {[%clk 1:22:55]} Nxg3 {[%clk 1:22:00]} 13. hxg3
{[%clk 1:23:20]} Bd6 {[%clk 1:17:47]} 14. a3 {[%clk 1:23:22]} Nf6 {[%clk
1:16:46]} 15. Rfe1 {[%clk 1:17:26]} Bg4 {[%clk 1:12:52]} 16. Nh2 {[%clk 1:15:16]}
Qd7 {[%clk 1:02:43]} 17. Na4 {[%clk 1:06:42]} h5 {[%clk 0:57:45]} 18. Nf1 {[%clk
0:56:57]} Qc7 {[%clk 0:48:18]} 19. Rac1 {[%clk 0:54:32]} g6 {[%clk 0:44:18]} 20.
Nc5 {[%clk 0:48:50]} Kg7 {[%clk 0:42:01]} 21. b4 {[%clk 0:44:48]} a6 {[%clk
0:36:10]} 22. a4 {[%clk 0:38:51]} Rh8 {[%clk 0:33:08]} 23. b5 {[%clk 0:37:05]}
axb5 {[%clk 0:33:17]} 24. axb5 {[%clk 0:37:30]} h4 {[%clk 0:26:48]} 25. e4 {[%clk
0:15:52]} dxe4 {[%clk 0:24:08]} 26. Nxe4 {[%clk 0:16:09]} hxg3 {[%clk 0:16:46]}
27. Nexg3 {[%clk 0:13:05]} Rh4 {[%clk 0:15:33]} 28. bxc6 {[%clk 0:13:15]} Rah8
{[%clk 0:15:43]} 29. Re5 {[%clk 0:12:06]} bxc6 {[%clk 0:11:48]} 30. Rce1 {[%clk
0:08:54]} Nd7 {[%clk 0:07:21]} 31. f4 {[%clk 0:05:24]} Nxe5 {[%clk 0:05:16]} 32.
fxe5 {[%clk 0:05:41]} Bb4 {[%clk 0:04:18]} 33. Re4 {[%clk 0:06:01]} Qb6 {[%clk
0:03:51]} 34. Qf2 {[%clk 0:02:18]} Be7 {[%clk 0:02:47]} 35. Bc4 {[%clk 0:02:44]}
Be6 {[%clk 0:02:45]} 36. Bxe6 {[%clk 0:01:43]} fxe6 {[%clk 0:03:11]} 37. Nd2
{[%clk 0:00:43]} c5 {[%clk 0:01:15]} 38. Rxh4 {[%clk 0:00:36]} Rxh4 {[%clk
0:01:25]} 39. Nf3 {[%clk 0:01:04]} Rh8 {[%clk 0:00:52]} 40. Ne2 {[%clk 0:31:10]}
Qb1+ {[%clk 0:30:44]} 41. Qe1 {[%clk 0:28:37]} Qe4 {[%clk 0:18:07]} 42. Qd2
{[%clk 0:27:43]} Rd8 {[%clk 0:14:03]} 43. Qa2 {[%clk 0:26:12]} Qe3+ {[%clk
0:08:23]} 44. Kf1 {[%clk 0:26:26]} Rf8 {[%clk 0:05:22]} 45. Ke1 {[%clk 0:17:47]}
cxd4 {[%clk 0:05:35]} 46. Qa7 {[%clk 0:16:37]} Kf7 {[%clk 0:03:58]} 47. Qxd4
{[%clk 0:16:10]} Qxd4 {[%clk 0:03:59]} 48. Nexd4 {[%clk 0:16:34]} Ra8 {[%clk
0:04:15]} 49. Kf2 {[%clk 0:15:22]} Ra3 {[%clk 0:03:42]} 50. Kg3 {[%clk 0:14:58]}
Bc5 {[%clk 0:03:59]} 51. Ne2 {[%clk 0:14:49]} Be3 {[%clk 0:03:24]} 52. Kh3 {[%clk
0:15:10]} Ke7 {[%clk 0:02:20]} 53. Ng3 {[%clk 0:13:42]} Bf4 {[%clk 0:02:38]} 54.
Kg4 {[%clk 0:14:08]} Ra4 {[%clk 0:02:37]} 55. Kh3 {[%clk 0:13:57]} Ra5 {[%clk
0:01:58]} 56. Kg4 {[%clk 0:07:20]} Bxe5 {[%clk 0:02:12]} 57. Nxe5 {[%clk
0:07:37]} Rxe5 {[%clk 0:02:40]} 58. Kf4 {[%clk 0:08:03]} Ra5 {[%clk 0:02:44]} 59.
Ne4 {[%clk 0:07:57]} Ra4 {[%clk 0:01:27]} 60. Ke5 {[%clk 0:08:22]} Ra5+ {[%clk
0:00:48]} 61. Kf4 {[%clk 0:08:47]} Rb5 {[%clk 0:00:59]} 62. Nc3 {[%clk 0:09:05]}
Rb2 {[%clk 0:01:12]} 63. g4 {[%clk 0:08:47]} Rb3 {[%clk 0:01:16]} 64. Ne2 {[%clk
0:06:21]} Kf6 {[%clk 0:01:22]} 65. g5+ {[%clk 0:06:20]} Ke7 {[%clk 0:01:48]} 66.
Ke4 {[%clk 0:05:49]} Kd6 {[%clk 0:01:55]} 67. Nc1 {[%clk 0:05:54]} Rb4+ {[%clk
0:02:13]} 68. Kf3 {[%clk 0:06:20]} e5 {[%clk 0:02:36]} 69. Ne2 {[%clk 0:05:54]}
Ke6 {[%clk 0:02:53]} 70. Ng3 {[%clk 0:06:14]} Rf4+ {[%clk 0:03:03]} 71. Ke3
{[%clk 0:06:34]} Rg4 {[%clk 0:03:26]} 0-1